000 00480nam a2200205Ia 4500
003 0100
008 130303s9999 xx 000 0 und d
020 _a1844173240
040 _cARRUPELIB
050 _aBS2095.K58 2004
245 4 _aThe New Testament
260 _aSuffolk
260 _bKevin Mayhew
260 _C2004
300 _a654p.
300 _b 24 cm.
650 _bConstitutional history-Great Britain
700 _aKing, Nicholas (tr.)
942 _2lcc
_08
999 _c58019
_d58019